000
00273 a2200121 4500
001
79401
020
_a
9780393099683
082
_a
809 MEL
090
_c
39595
_d
39595
100
_a
Melville, H.
245
_a
Confidence-Man his masquerade
260
_b
W.W.Norton & Company
942
_a
NUST-CAE
_k
809 MEL
999
_c
314474
_d
314474